000 00732nam a22001817a 4500
999 _c17853
_d17853
003 AR-CdUCM
008 190509b ||||| |||| 00| 0 spa d
040 _aMUNICIPALIDAD PROVINCIAL DEL CUSCO
_cBIBLIOTECA MUNICIPAL DEL CUSCO
082 _a082.974 /
_bR47
100 _aReyes Heroles, Jesús.
_97845
245 _aMariano Otero :
_bObras /
260 _aMéxico :
_bPorrua,
_c1967.
300 _a2 tomos ;
_c24 cm.
505 _aContenido : t.1. La imagen deformada -- Horas sombrías -- Vías de comunicación -- El caso Musson -- Colonización -- t.2. La historia -- Guerra o Paz -- Alegatos -- La nueva construcción -- Fragmentos literarios ...
650 _aObras.
_96865
942 _2ddc
_cLIBROS
945 _arum
_d2019-05-09